logo

Bir Sreshtho Munshi Abdur Rouf Library
Jhenaidah Cadet College

অনন্তের দিকে / (Record no. 13421)

MARC details
000 -LEADER
fixed length control field 00685nam a2200229 a 4500
001 - CONTROL NUMBER
JCCL Control Number 13421
003 - CONTROL NUMBER IDENTIFIER
JCCL marc code BD-JhCC
005 - DATE AND TIME OF LATEST TRANSACTION
control field 20230923131623.0
008 - FIXED-LENGTH DATA ELEMENTS--GENERAL INFORMATION
fixed length control field 230917b2020 bg |||| ||a| 001 0 b d
020 ## - INTERNATIONAL STANDARD BOOK NUMBER
International Standard Book Number 9789843456476
035 ## - SYSTEM CONTROL NUMBER
system control number (BD-JhCC)13421
040 ## - CATALOGING SOURCE
Original cataloging agency BD-JhCC
Modifying agency BD-JhCC
041 ## - LANGUAGE CODE
Language code of Book bengali
082 ## - DEWEY DECIMAL CLASSIFICATION NUMBER
Author mark and Year AMA 2020
100 ## - MAIN ENTRY--PERSONAL NAME
Personal name আমান, আবদুল আযীয আল
245 ## - TITLE STATEMENT
Title অনন্তের দিকে /
Statement of responsibility, etc আবদুল আযীয আল আমান।
260 ## - PUBLICATION, DISTRIBUTION, ETC. (IMPRINT)
Place of publication, distribution, etc ঢাকা:
Name of publisher, distributor, etc বইকেন্দ্র পাবলিকেশন;
Date of publication, distribution, etc 2020.
300 ## - PHYSICAL DESCRIPTION
Pagination 128 p. :
Dimensions 20 cm.
650 ## - SUBJECT ADDED ENTRY--TOPICAL TERM
Topical term or geographic name as entry element Islamic
942 ## - ADDED ENTRY ELEMENTS (KOHA)
Source of classification or shelving scheme Dewey Decimal Classification
Koha item type Books
Holdings
Source of classification or shelving scheme Damaged status Not for loan Home library Current library Shelving location Date of accession Cost, normal purchase price Full call number Barcode Date last seen Copy number Method of acquisition Koha item type Currency
Dewey Decimal Classification     JCC Rouf Library JCC Rouf Library General Stacks   208.00 297.1 AMA 2020 18333 09/17/2023 C-1 Purchase Books BDT

JCC Library | Contacts | JCC Home

Last Update on 23 September 2017
Copyright @ 2017-2020 JCC Rouf Library
Rouf Library, Jhenidah Cadet College (JCC), Bangladesh